Random Pokémon Evolution Lines - Statistics

General Stats
  • This quiz has been taken 181 times
  • The average score is 15 of 18
Answer Stats
# Hint Answer % Correct
#0063-0065 A_r_ Abra
100%
#0679-0681 A_g_s_a_h Aegislash
100%
#0304-0306 A_g_o_ Aggron
100%
#0840, #1011, #1019 A_p_i_ Applin
100%
#0304-0306 A_o_ Aron
100%
#0610-0612 A_e_ Axew
100%
#0183-0184, #0298 A_u_a_i_l Azumarill
100%
#0183-0184, #0298 A_u_i_l Azurill
100%
#0371-0373 B_g_n Bagon
100%
#0013-0015 B_e_r_l_ Beedrill
100%
#0374-0376 B_l_u_ Beldum
100%
#0007-0009 B_a_t_i_e Blastoise
100%
#0255-0257 B_a_i_e_ Blaziken
100%
#0524-0526 B_l_o_e Boldore
100%
#0315, #0406-0407 B_d_w Budew
100%
#0001-0003 B_l_a_a_r Bulbasaur
100%
#0010-0012 B_t_e_f_e_ Butterfree
100%
#0010-0012 C_t_r_i_ Caterpie
100%
#0113, #0242, #0440 C_a_s_y Chansey
100%
#0390-0392 C_i_c_a_ Chimchar
100%
#0035-0036, #0173 C_e_a_l_ Clefable
100%
#0035-0036, #0173 C_e_a_r_ Clefairy
100%
#0035-0036, #0173 C_e_f_ Cleffa
100%
#0255-0257 C_m_u_k_n Combusken
100%
#0041-0042, #0169 C_o_a_ Crobat
100%
#0158-0160 C_o_o_a_ Croconaw
100%
#0155-0157 C_n_a_u_l Cyndaquil
100%
#0633-0635 D_i_o Deino
100%
#0501-0503 D_w_t_ Dewott
100%
#0679-0681 D_u_l_d_ Doublade
100%
#0147-0149 D_a_o_a_r Dragonair
100%
#0147-0149 D_a_o_i_e Dragonite
100%
#0147-0149 D_a_i_i Dratini
100%
#0816-0818 D_i_z_l_ Drizzile
100%
#0125, #0239, #0466 E_e_t_b_z_ Electabuzz
100%
#0125, #0239, #0466 E_e_i_ Elekid
100%
#0669-0771 F_a_é_é Flabébé
100%
#0669-0771 F_o_g_s Florges
100%
#0656-0658 F_o_k_e Froakie
100%
#0656-0658 F_o_a_i_r Frogadier
100%
#0909-0911 F_e_o_o Fuecoco
100%
#0092-0094 G_s_l_ Gastly
100%
#0092-0094 G_n_a_ Gengar
100%
#0074-0076 G_o_u_e Geodude
100%
#0524-0526 G_g_l_t_ Gigalith
100%
#0041-0042, #0169 G_l_a_ Golbat
100%
#0074-0076 G_l_m Golem
100%
#0704-0706 G_o_r_ Goodra
100%
#0574-0576 G_t_o_i_a Gothorita
100%
#0074-0076 G_a_e_e_ Graveler
100%
#0656-0658 G_e_i_j_ Greninja
100%
#0859-0861 G_i_m_n_r_ Grimmsnarl
100%
#0810-0812 G_o_k_y Grookey
100%
#0387-0389 G_o_l_ Grotle
100%
#0252-0254 G_o_y_e Grovyle
100%
#0092-0094 H_u_t_r Haunter
100%
#0679-0681 H_n_d_e Honedge
100%
#0039-0040, #0174 I_g_y_u_f Igglybuff
100%
#0725-0727 I_c_n_r_a_ Incineroar
100%
#0390-0392 I_f_r_a_e Infernape
100%
#0816-0818 I_t_l_o_ Inteleon
100%
#0001-0003 I_y_a_r Ivysaur
100%
#0039-0040, #0174 J_g_l_p_f_ Jigglypuff
100%
#0013-0015 K_k_n_ Kakuna
100%
#0280-0282, #0475 K_r_i_ Kirlia
100%
#0599-0601 K_i_k Klink
100%
#0551-0553 K_o_o_i_e Krookodile
100%
#0246-0248 L_r_i_a_ Larvitar
100%
#0725-0727 L_t_e_ Litten
100%
#0270-0272 L_m_r_ Lombre
100%
#0270-0272 L_t_d Lotad
100%
#0293-0295 L_u_r_d Loudred
100%
#0270-0272 L_d_c_l_ Ludicolo
100%
#0066-0068 M_c_a_p Machamp
100%
#0126, #0240, #0467 M_g_y Magby
100%
#0126, #0240, #0467 M_g_a_ Magmar
100%
#0126, #0240, #0467 M_g_o_t_r Magmortar
100%
#0081-0082, #0462 M_g_e_i_e Magnemite
100%
#0081-0082, #0462 M_g_e_o_ Magneton
100%
#0056-0057, #0979 M_n_e_ Mankey
100%
#0183-0184, #0298 M_r_l_ Marill
100%
#0374-0376 M_t_g_o_s Metagross
100%
#0374-0376 M_t_n_ Metang
100%
#0010-0012 M_t_p_d Metapod
100%
#0273-0275 N_z_e_f Nuzleaf
100%
#0043-0045, #0182 O_d_s_ Oddish
100%
#0501-0503 O_h_w_t_ Oshawott
100%
#0535-0537 P_l_i_o_d Palpitoad
100%
#0921-0923 P_w_i Pawmi
100%
#0921-0923 P_w_o Pawmo
100%
#0921-0923 P_w_o_ Pawmot
100%
#0025-0026, #0172 P_c_u Pichu
100%
#0016-0018 P_d_e_t Pidgeot
100%
#0016-0018 P_d_e_t_o Pidgeotto
100%
#0016-0018 P_d_e_ Pidgey
100%
#0519-0521 P_d_v_ Pidove
100%
#0025-0026, #0172 P_k_c_u Pikachu
100%
#0060-0062, #0186 P_l_w_g Poliwag
100%
#0060-0062, #0186 P_l_w_i_l Poliwhirl
100%
#0137, #0233, #0474 P_r_g_n Porygon
100%
#0137, #0233, #0474 P_r_g_n_ Porygon2
100%
#0137, #0233, #0474 P_r_g_n-_ Porygon-Z
100%
#0056-0057, #0979 P_i_e_p_ Primeape
100%
#0246-0248 P_p_t_r Pupitar
100%
#0155-0157 Q_i_a_a Quilava
100%
#0025-0026, #0172 R_i_h_ Raichu
100%
#0280-0282, #0475 R_l_s Ralts
100%
#0111-0112, #0464 R_y_o_ Rhydon
100%
#0111-0112, #0464 R_y_o_n Rhyhorn
100%
#0111-0112, #0464 R_y_e_i_r Rhyperior
100%
#0810-0812 R_l_a_o_m Rillaboom
100%
#0524-0526 R_g_e_r_l_ Roggenrola
100%
#0315, #0406-0407 R_s_l_a Roselia
100%
#0315, #0406-0407 R_s_r_d_ Roserade
100%
#0501-0503 S_m_r_t_ Samurott
100%
#0252-0254 S_e_t_l_ Sceptile
100%
#0116-0117, #0230 S_a_r_ Seadra
100%
#0363-0365 S_a_e_ Sealeo
100%
#0273-0275 S_e_o_ Seedot
100%
#0535-0537 S_i_m_t_a_ Seismitoad
100%
#0273-0275 S_i_t_y Shiftry
100%
#0909-0911 S_e_e_i_g_ Skeledirge
100%
#0928-0930 S_o_i_ Smoliv
100%
#0816-0818 S_b_l_ Sobble
100%
#0363-0365 S_h_a_ Spheal
100%
#0007-0009 S_u_r_l_ Squirtle
100%
#0396-0398 S_a_a_i_ Staravia
100%
#0396-0398 S_a_l_ Starly
100%
#0810-0812 T_w_c_e_ Thwackey
100%
#0255-0257 T_r_h_c Torchic
100%
#0725-0727 T_r_a_a_ Torracat
100%
#0387-0389 T_r_e_r_ Torterra
100%
#0158-0160 T_t_d_l_ Totodile
100%
#0731-0733 T_u_a_n_n Toucannon
100%
#0519-0521 T_a_q_i_l Tranquill
100%
#0252-0254 T_e_c_o Treecko
100%
#0387-0389 T_r_w_g Turtwig
100%
#0535-0537 T_m_o_e Tympole
100%
#0246-0248 T_r_n_t_r Tyranitar
100%
#0519-0521 U_f_z_n_ Unfezant
100%
#0582-0584 V_n_l_i_h Vanillish
100%
#0582-0584 V_n_l_i_e Vanillite
100%
#0582-0584 V_n_l_u_e Vanilluxe
100%
#0001-0003 V_n_s_u_ Venusaur
100%
#0363-0365 W_l_e_n Walrein
100%
#0007-0009 W_r_o_t_e Wartortle
100%
#0039-0040, #0174 W_g_l_t_f_ Wigglytuff
100%
#0265-0269 W_r_p_e Wurmple
100%
#0041-0042, #0169 Z_b_t Zubat
100%
#0633-0635 Z_e_l_u_ Zweilous
100%
#0390-0392 M_n_e_n_ Monferno
93%
#0063-0065 A_a_a_a_ Alakazam
90%
#0063-0065 K_d_b_a Kadabra
90%
#0069-0071 B_l_s_r_u_ Bellsprout
89%
#0498-0500 E_b_a_ Emboar
89%
#0393-0395 P_p_u_ Piplup
89%
#0543-0545 S_o_i_e_e Scolipede
89%
#0216-0217, #0901 U_s_l_n_ Ursaluna
89%
#0216-0217, #0901 U_s_r_n_ Ursaring
89%
#0543-0545 V_n_p_d_ Venipede
89%
#0069-0071 V_c_r_e_e_ Victreebel
89%
#0069-0071 W_e_i_b_l_ Weepinbell
89%
#0543-0545 W_i_l_e_e Whirlipede
89%
#0293-0295 W_i_m_r Whismur
89%
#0443-0445 G_b_t_ Gabite
88%
#0443-0445 G_r_h_m_ Garchomp
88%
#0443-0445 G_b_e Gible
88%
#0403-0405 L_x_a_ Luxray
88%
#0220-0221, #0473 M_m_s_i_e Mamoswine
88%
#0258-0260 M_r_h_o_p Marshtomp
88%
#0258-0260 M_d_i_ Mudkip
88%
#0220-0221, #0473 P_l_s_i_e Piloswine
88%
#0403-0405 S_i_x Shinx
88%
#0220-0221, #0473 S_i_u_ Swinub
88%
#0607-0609 C_a_d_l_r_ Chandelure
86%
#0004-0006 C_a_i_a_d Charizard
86%
#0004-0006 C_a_m_n_e_ Charmander
86%
#0004-0006 C_a_m_l_o_ Charmeleon
86%
#0782-0784 H_k_m_-o Hakamo-o
86%
#0506-0508 H_r_i_r Herdier
86%
#0840, #1011, #1019 H_d_a_p_e Hydrapple
86%
#0782-0784 J_n_m_-o Jangmo-o
86%
#0187-0189 J_m_l_f_ Jumpluff
86%
#0782-0784 K_m_o-_ Kommo-o
86%
#0506-0508 L_l_i_u_ Lillipup
86%
#0495-0497 S_r_e_i_r Serperior
86%
#0495-0497 S_r_i_e Servine
86%
#0495-0497 S_i_y Snivy
86%
#0396-0398 S_a_a_t_r Staraptor
86%
#0175-0176, #0468 T_g_k_s_ Togekiss
86%
#0175-0176, #0468 T_g_p_ Togepi
86%
#0175-0176, #0468 T_g_t_c Togetic
86%
#0328-0330 F_y_o_ Flygon
83%
#0081-0082, #0462 M_g_e_o_e Magnezone
83%
#0122, #0439, #0866 M_. M_m_ Mr. Mime
83%
#0060-0062, #0186 P_l_w_a_hP_l_t_e_ PoliwrathPolitoed
83%
#0728-0730 P_p_l_o Popplio
83%
#0661-0663 T_l_n_l_m_ Talonflame
83%
#0328-0330 T_a_i_c_ Trapinch
83%
#0602-0604 E_l_k_r_k Eelektrik
82%
#0602-0604 E_l_k_r_s_ Eelektross
82%
#0602-0604 T_n_m_ Tynamo
82%
#0928-0930 A_b_l_v_ Arboliva
80%
#0152-0154 B_y_e_f Bayleef
80%
#0624-0625, #0983 B_s_a_p Bisharp
80%
#0152-0154 C_i_o_i_a Chikorita
80%
#0928-0930 D_l_i_ Dolliv
80%
#0669-0771 F_o_t_e Floette
80%
#0996-0998 F_i_i_a_ Frigibax
80%
#0116-0117, #0230 H_r_e_ Horsea
80%
#0633-0635 H_d_e_g_n Hydreigon
80%
#0116-0117, #0230 K_n_d_a Kingdra
80%
#0540-0542 L_a_a_n_ Leavanny
80%
#0066-0068 M_c_o_e Machoke
80%
#0066-0068 M_c_o_ Machop
80%
#0152-0154 M_g_n_u_ Meganium
80%
#0029-0031 N_d_q_e_n Nidoqueen
80%
#0029-0031 N_d_r_n_ Nidorina
80%
#0624-0625, #0983 P_w_i_r_ Pawniard
80%
#0371-0373 S_l_m_n_e Salamence
80%
#0551-0553 S_n_i_e Sandile
80%
#0540-0542 S_w_d_l_ Sewaddle
80%
#0371-0373 S_e_g_n Shelgon
80%
#0664-0666 S_e_p_ Spewpa
80%
#0540-0542 S_a_l_o_ Swadloon
80%
#0013-0015 W_e_l_ Weedle
80%
#0355-0356, #0477 D_s_n_i_ Dusknoir
78%
#0355-0356, #0477 D_s_u_l Duskull
78%
#0393-0395 E_p_l_o_ Empoleon
78%
#0293-0295 E_p_o_d Exploud
78%
#0393-0395 P_i_p_u_ Prinplup
78%
#0216-0217, #0901 T_d_i_r_a Teddiursa
78%
#0498-0500 T_p_g Tepig
78%
#0179-0181 A_p_a_o_ Ampharos
75%
#0113, #0242, #0440 B_i_s_y Blissey
75%
#0909-0911 C_o_a_o_ Crocalor
75%
#0885-0887 D_a_a_u_t Dragapult
75%
#0885-0887 D_a_l_a_ Drakloak
75%
#0885-0887 D_e_p_ Dreepy
75%
#0125, #0239, #0466 E_e_t_v_r_ Electivire
75%
#0179-0181 F_a_f_y Flaaffy
75%
#0932-0934 G_r_a_a_l Garganacl
75%
#0574-0576 G_t_i_a Gothita
75%
#0574-0576 G_t_i_e_l_ Gothitelle
75%
#0113, #0242, #0440 H_p_i_y Happiny
75%
#0856-0858 H_t_n_a Hatenna
75%
#0856-0858 H_t_e_e_e Hatterene
75%
#0856-0858 H_t_r_m Hattrem
75%
#0859-0861 I_p_d_m_ Impidimp
75%
#0304-0306 L_i_o_ Lairon
75%
#0403-0405 L_x_o Luxio
75%
#0179-0181 M_r_e_ Mareep
75%
#0859-0861 M_r_r_m Morgrem
75%
#0287-0289 S_a_i_g Slaking
75%
#0287-0289 S_a_o_h Slakoth
75%
#0704-0706 S_i_g_o Sliggoo
75%
#0258-0260 S_a_p_r_ Swampert
75%
#0957-0959 T_n_a_o_ Tinkaton
75%
#0287-0289 V_g_r_t_ Vigoroth
75%
#0761-0763 B_u_s_e_t Bounsweet
71%
#0722-0724 D_c_d_e_e Decidueye
71%
#0840, #1011, #1019 D_p_l_n Dipplin
71%
#0187-0189 H_p_i_ Hoppip
71%
#0607-0609 L_t_i_k Litwick
71%
#0187-0189 S_i_l_o_ Skiploom
71%
#0506-0508 S_o_t_a_d Stoutland
71%
#0736-0738 G_u_b_n Grubbin
70%
#0736-0738 V_k_v_l_ Vikavolt
70%
#0056-0057, #0979 A_n_h_l_p_ Annihilape
67%
#0728-0730 B_i_n_e Brionne
67%
#0577-0579 D_o_i_n Duosion
67%
#0355-0356, #0477 D_s_l_p_ Dusclops
67%
#0043-0045, #0182 G_o_m Gloom
67%
#0599-0601 K_a_g Klang
67%
#0599-0601 K_i_k_a_g Klinklang
67%
#0122, #0439, #0866 M_m_ J_. Mime Jr.
67%
#0122, #0439, #0866 M_. R_m_ Mr. Rime
67%
#0731-0733 P_k_p_k Pikipek
67%
#0728-0730 P_i_a_i_a Primarina
67%
#0577-0579 R_u_i_l_s Reuniclus
67%
#0577-0579 S_l_s_s Solosis
67%
#0731-0733 T_u_b_a_ Trumbeak
67%
#0328-0330 V_b_a_a Vibrava
67%
#0824-0826 B_i_b_g Blipbug
63%
#0824-0826 D_t_l_r Dottler
63%
#0824-0826 O_b_e_l_ Orbeetle
63%
#0957-0959 T_n_a_i_k Tinkatink
63%
#0957-0959 T_n_a_u_f Tinkatuff
63%
#0996-0998 A_c_i_a_ Arctibax
60%
#0996-0998 B_x_a_i_u_ Baxcalibur
60%
#0736-0738 C_a_j_b_g Charjabug
60%
#0532-0534 C_n_e_d_r_ Conkeldurr
60%
#0821-0823 C_r_i_n_g_t Corviknight
60%
#0821-0823 C_r_i_q_i_e Corvisquire
60%
#0532-0534 G_r_u_r Gurdurr
60%
#0624-0625, #0983 K_n_a_b_t Kingambit
60%
#0551-0553 K_o_o_o_ Krokorok
60%
#0664-0666 S_a_t_r_u_ Scatterbug
60%
#0532-0534 T_m_u_r Timburr
60%
#0664-0666 V_v_l_o_ Vivillon
60%
#0722-0724 D_r_r_x Dartrix
57%
#0722-0724 R_w_e_ Rowlet
57%
#0761-0763 S_e_n_e Steenee
57%
#0761-0763 T_a_e_n_ Tsareena
57%
#0265-0269 B_a_t_f_yD_s_o_ BeautiflyDustox
56%
#0789-0792 C_s_o_ Cosmog
56%
#0498-0500 P_g_i_e Pignite
56%
#0265-0269 S_l_o_nC_s_o_n SilcoonCascoon
56%
#0653-0655 B_a_x_n Braixen
50%
#0837-0839 C_r_o_ Carkol
50%
#0837-0839 C_a_o_s_l Coalossal
50%
#0653-0655 D_l_h_x Delphox
50%
#0653-0655 F_n_e_i_ Fennekin
50%
#0661-0663 F_e_c_i_d_r Fletchinder
50%
#0280-0282, #0475 G_r_e_o_r G_l_a_e GardevoirGallade
50%
#0704-0706 G_o_y Goomy
50%
#0610-0612 H_x_r_s Haxorus
50%
#0263-0264, #0862 L_n_o_e Linoone
50%
#0906-0908 M_o_s_a_a_a Meowscarada
50%
#0932-0934 N_c_i Nacli
50%
#0932-0934 N_c_s_a_k Naclstack
50%
#0032-0034 N_d_k_n_ Nidoking
50%
#0032-0034 N_d_r_n_ Nidorino
50%
#0912-0914 Q_a_l_ Quaxly
50%
#0837-0839 R_l_c_l_ Rolycoly
50%
#0263-0264, #0862 Z_g_a_o_n Zigzagoon
50%
#0789-0792 C_s_o_m Cosmoem
44%
#0789-0792 S_l_a_e_L_n_l_ SolgaleoLunala
44%
#0607-0609 L_m_e_t Lampent
43%
#0821-0823 R_o_i_e_ Rookidee
40%
#0906-0908 F_o_a_a_o Floragato
38%
#0906-0908 S_r_g_t_t_ Sprigatito
38%
#0043-0045, #0182 V_l_p_u_eB_l_o_s_m VileplumeBellossom
33%
#0912-0914 Q_a_u_v_l Quaquaval
25%
#0912-0914 Q_a_w_l_ Quaxwell
25%
#0650-0652 C_e_n_u_h_ Chesnaught
0%
#0650-0652 C_e_p_n Chespin
0%
#0813-0815 C_n_e_a_e Cinderace
0%
#0661-0663 F_e_c_l_n_ Flethcling
0%
#0610-0612 F_a_u_e Fraxure
0%
#0158-0160 F_r_l_g_t_ Geraligatr
0%
#0029-0031 N_d_r_n_ Nidoran♂
0%
#0032-0034 N_d_r_n_ Nidoran♀
0%
#0263-0264, #0862 O_s_a_o_n Obstagoon
0%
#0650-0652 Q_i_l_d_n Quilladin
0%
#0813-0815 R_b_o_ Raboot
0%
#0813-0815 S_o_b_n_y Scorbunny
0%
#0155-0157 T_p_l_s_o_ Typhlosian
0%
No matching quizzes found
Score Distribution
Percent of People with Each Score
Percentile by Number Answered
Your Score History
You have not taken this quiz